L'Education nutritionnelle du public: rapport d'une consultation d'experts de la FAO: Rome, 12-22 septembre 1995 (Record no. 28652)

MARC details
000 -LEADER
fixed length control field 00528 a2200217 4500
020 ## - NUMERO INTERNATIONAL NORMALISE DES LIVRES
International Standard Book Number 92-5-203797-7
130 ## - VEDETTE PRINCIPALE - TITRE UNIFORME
Language of a work fr.
260 ## - PUBLICATION, DISTRIBUTION, ETC. (IMPRINT)
Place of publication, distribution, etc Rome
260 ## - PUBLICATION, DISTRIBUTION, ETC. (IMPRINT)
Name of publisher, distributor, etc FAO
245 ## - TITLE STATEMENT
Title L'Education nutritionnelle du public: rapport d'une consultation d'experts de la FAO: Rome, 12-22 septembre 1995
260 ## - PUBLICATION, DISTRIBUTION, ETC. (IMPRINT)
Date of publication, distribution, etc 1996
300 ## - PHYSICAL DESCRIPTION
Extent 57p.
440 ## - SERIES STATEMENT/ADDED ENTRY--TITLE
International Standard Serial Number 1014-2908
690 ## - LOCAL SUBJECT ADDED ENTRY--TOPICAL TERM (OCLC, RLIN)
Topical term or geographic name as entry element education nutritionnelle
690 ## - LOCAL SUBJECT ADDED ENTRY--TOPICAL TERM (OCLC, RLIN)
Topical term or geographic name as entry element communication
690 ## - LOCAL SUBJECT ADDED ENTRY--TOPICAL TERM (OCLC, RLIN)
Topical term or geographic name as entry element formation
690 ## - LOCAL SUBJECT ADDED ENTRY--TOPICAL TERM (OCLC, RLIN)
Topical term or geographic name as entry element technologie
710 ## - ADDED ENTRY--CORPORATE NAME
Corporate name or jurisdiction name as entry element FAO
Holdings
Withdrawn status Lost status Damaged status Not for loan Location (home branch) Sublocation or collection (holding branch) Date acquired Koha issues (times borrowed) Koha full call number Koha date last seen Copy number Price effective from Koha item type Public note
        Bibliothèque-Centre de Documentation de la Faculté des Sciences Agronomiques Bibliothèque-Centre de Documentation de la Faculté des Sciences Agronomiques     NSA.1996.011 28/02/2009 1 28/02/2009 Livre A.7260


© 2008, Bibliothèques de l'Université d'Abomey-Calavi

04 BP 789 Cotonou, Tél. : +229 21 36 01 01, Fax : +229 21 35 06 32

Courriel : bu@bu.uac.bj